BO de films - Statistiques

Statistiques générales
  • Ce quiz a été pris 2 394 fois
  • Le résultat moyen est 14 sur 45
Statistiques - réponses
Film Chanson Artistes % Correct
Titanic My heart will go on Céline Dion
93%
La reine des neiges Libérée, délivrée Anaïs Delva
92%
La famille Bélier Je vole Louane
80%
A star is born Shallow Lady Gaga & Bradley Cooper
68%
Grease You're the One That I Want John Travolta & Olivia Newton-John
68%
Un monstre à Paris La Seine Vanessa Paradis & M
64%
La cité de la peur La carioca Alain Chabat & Gérard Darmon
63%
8 mile Lose yourself Eminem
61%
Bodyguard I will always love you Whitney Houston
59%
Le roi lion Can you feel the love tonight ? Elton John
56%
Dirty dancing She's like the wind Patrick Swayze
51%
Rocky 3 The eye of the tiger Survivor
45%
Top Gun Take my breath away Berlin
45%
La fièvre du samedi soir Stayin' alive Bee Gees
39%
Un indien dans la ville Chacun sa route K.O.D.
35%
Fight Club Where is my mind The Pixies
34%
La boum Reality Richard Sanderson
31%
Intouchables Boogie wonderland Earth,Wind & Fire
30%
Philadelphia The streets of Piladelphia Bruce Springsteen
28%
La vie est un long fleuve tranquille Jésus reviens Patrick Bouchitey
24%
Batman Batdance Prince
23%
Retour vers le futur The power of love Huey Lewis & The News
23%
Pulp fiction Girl, You'll Be a Woman Soon Urge Overkill
22%
Robin des Bois, prince des voleurs I do it for you Bryan Adams
22%
Le grand bleu My lady blue Eric Serra
16%
Le lauréat Mrs. Robinson Simon & Garfunkel
16%
Les Blues Brothers Everybody Needs Somebody to Love Blues Brothers
16%
Je vais bien ne t'en fais pas U turn ( Lili ) Aaron
14%
Bagdad Café Calling you Jevetta Steele
13%
Jules et Jim Le tourbillon Jeanne Moreau
13%
Vivre et laisser mourir Live and let die Wings
13%
Dracula Love song for a vampire Annie Lennox
11%
Easy rider Born to be wild Steppenwolf
10%
Le prince d'Egypte When you believe Whitney Houston & Mariah Carey
10%
Mad Max 3 We don't need another hero Tina Turner
9%
Diamants sur canapé Moon river Audrey Hepburn
8%
Barry Lyndon Sarabande Haendel
7%
L'exorciste Tubular bells Mike Oldfield
7%
Talons aiguilles Piensa en mi Luz Casal
7%
Arizona dream In the death car Iggy Pop
6%
Le passage On se retrouvera Francis Lalanne
6%
Cría Cuervos Porque te vas Jeanette
5%
Le pacha Requiem pour un con Serge Gainsbourg
5%
Quatre mariages et un enterrement Love is all around Wet Wet Wet
5%
La femme de ma vie T'en vas pas Elsa
3%
Aucun quiz correspondant
Distribution des résultats
% des personnes avec chaque résultat
Percentile par nombre de réponses
Votre historique - résultats
Vous n’avez pas pris ce quiz